000 00693cam a22002413a 4500
001 13613
003 PGUSA
005 20140828083307.0
008 041008s2004||||xxu|||||s|||||000 | eng d
040 _aPGUSA
_beng
042 _adc
050 4 _aHQ
100 1 _aEllis, Havelock,
_d1859-1939
245 1 0 _aStudies in the Psychology of Sex, Volume 4 :
_bSexual Selection In Man
_h[electronic resource] /
_cHavelock Ellis
260 _bProject Gutenberg,
_c2004
506 _aPublic domain in the USA.
516 _aElectronic text
653 _aSex (Psychology)
653 _aSex
830 0 _aProject Gutenberg
_v13613
856 4 0 _uhttp://www.gutenberg.org/ebooks/13613
942 _cEB
999 _c242868
_d242868